000 01213cim a2200385 a 4500
003 OCoLC
005 20241220110220.0
007 sd fungnnmmneu
008 010718s2001 nyuuun z eng d
001 47364298
020 _a0694525251
028 0 1 _aUACD 63(3)
_bHarper Audio
035 _a(Sirsi) i9780694525256
040 _aIEF
_cIEF
_dGZD
049 _aGZDA
_lls
092 _a813.54
082 _aCLEARY
092 _aCLEARY
100 1 _aCleary, Beverly.
_96108702
245 1 0 _aHenry Huggins
_h[sound recording] /
_cby Beverly Cleary.
250 _aUnabridged ed.
260 _aNew York :
_bHarper Audio,
_cp2001.
300 _a3 sound discs :
_bdigital, stereo ;
_c4 3/4 in. +
_epamphlet.
500 _aUnabridged.
511 0 _aRead by Neil Patrick Harris.
538 _aCompact disc.
520 _aWhen Henry adopts Ribsy, a dog of no particular breed, humorous adventures follow.
650 0 _aDogs
_vJuvenile fiction.
_95674840
600 1 0 _aCleary, Beverly
_vInterviews
_vJuvenile fiction.
_96142854
690 7 _aChildren's audiobooks, Unabridged
700 1 _aHarris, Neil Patrick,
_d1973-
_960129
942 _cAUDIOBOOK
_061
979 _a319134
998 _aa26622
999 _c13636
_d13636